Frontières de la Yougoslavie - Statistiques

Statistiques générales
  • Ce quiz a été pris 439 fois
  • Le résultat moyen est 7 sur 7
Statistiques - réponses
Pays % Correct
Grèce
96%
Hongrie
96%
Autriche
93%
Bulgarie
93%
Italie
93%
Roumanie
92%
Albanie
90%
Aucun quiz correspondant
Distribution des résultats
% des personnes avec chaque résultat
Percentile par nombre de réponses
Votre historique - résultats
Vous n’avez pas pris ce quiz